| 000 | 00993nam a2200289Ia 4500 | ||
|---|---|---|---|
| 001 | Para_5680 | ||
| 003 | CHAP | ||
| 008 | 220125s1977 xx 000 0 und d | ||
| 010 | _a204110 | ||
| 040 | _cCHAP | ||
| 090 | _aPA TESIS 29 | ||
| 100 |
_aAyala Orduño, Agustín _98961 |
||
| 245 |
_aDinámica de la población insectil y evaluación de daños causados por las plagas defoliadoras en soya Glycine max (L) en el Valle del Yaqui, Sonora / _c por Agustín Ayala Orduño |
||
| 260 |
_aChapingo, Méx. : _b el autor |
||
| 300 | _a45 h. | ||
| 502 | _aTesis (Ing. Agr. Esp. en Parasitología Agrícola) ENA. Departamento Parasitología Agrícola | ||
| 650 |
_aSoya _x plagas _9109077 |
||
| 650 |
_aSoya _x Sonora _9109090 |
||
| 710 |
_aENA. Departamento Parasitología Agrícola _9164684 |
||
| 901 | _aPA TESIS 29 | ||
| 902 | _aM | ||
| 905 | _a0000001977 i 0000000000 00 | ||
| 910 | _a1977 | ||
| 942 | _cPARA | ||
| 942 |
_cPARA _d2 |
||
| 999 |
_c204110 _d204110 |
||